Capitales des pays participants à la coupe du monde de foot 2010 - Statistiques

Statistiques générales
  • Ce quiz a été pris 68 fois
  • Le résultat moyen est 24 sur 32
Statistiques - réponses
Capitales % Correct
Paris
100%
Madrid
97%
Berlin
95%
Brasilia
95%
Buenos Aires
94%
Lisbonne
94%
Londres
91%
Rome
89%
Tokyo
89%
Amsterdam
88%
Montevideo
88%
Mexico
86%
Alger
84%
Washington
84%
Berne
81%
Prétoria - Le Cap - Bloemfontein
81%
Seoul
80%
Santiago
75%
Copenhague
73%
Athenes
72%
Canberra
70%
Yaoundé
59%
Accra
58%
Wellington
56%
Asuncion
55%
Belgrade
52%
Yamoussoukro
52%
Pyongyang
50%
Abuja
48%
Bratislava
48%
Ljubljana
47%
Tegucigalpa
27%
Aucun quiz correspondant
Distribution des résultats
% des personnes avec chaque résultat
Percentile par nombre de réponses
Votre historique - résultats
Vous n’avez pas pris ce quiz